[Event "Benidorm 2010 - Sub-2300"]
[Site "Benidorm ESP"]
[Date "2010.12.07"]
[Round "6.7"]
[White "Lara Lopez, Jose"]
[Black "Voiteanu, Gabriel"]
[Result "0-1"]
[WhiteElo "2222"]
[BlackElo "2262"]
[PlyCount "61"]
[EventDate "2010.12.03"]
[EventType "tourn"]
[EventRounds "10"]
[EventCountry "ESP"]
[Source "lmi"]
[SourceDate "2010.12.03"]

1. e4 e5 2. Bc4 Nf6 3. d3 Bc5 4. Nf3 Nc6 5. O-O d6 6. c3 Bg4 7. Re1 Qd7 8. a4
a5 9. Nbd2 Nh5 10. Nf1 O-O 11. Ne3 Kh8 12. Nxg4 Qxg4 13. h3 Qg6 14. d4 exd4 15.
cxd4 Bb4 16. Re2 f5 17. Bd3 fxe4 18. Bxe4 Qf6 19. Bg5 Qf7 20. Qc2 Rae8 21. Re3
Nf6 22. Bxf6 gxf6 23. Bxc6 bxc6 24. Qxc6 Rxe3 25. fxe3 Qb3 26. Qe4 Qxb2 27. Rf1
Qb3 28. Ng5 Qg8 29. Ne6 Rf7 30. Rf4 Bd2 31. Qf3 0-1

[Event "Benidorm 2010 - Sub-2300"]
[Site "Benidorm ESP"]
[Date "2010.12.07"]
[Round "6.8"]
[White "Rodriguez Yuste, Marcelo"]
[Black "Martinez Rodriguez, Pablo"]
[Result "1/2-1/2"]
[WhiteElo "2223"]
[BlackElo "2286"]
[PlyCount "74"]
[EventDate "2010.12.03"]
[EventType "tourn"]
[EventRounds "10"]
[EventCountry "ESP"]
[Source "lmi"]
[SourceDate "2010.12.03"]

1. d4 Nf6 2. e3 g6 3. f4 Bg7 4. Nf3 O-O 5. Bd3 c5 6. O-O Nc6 7. Nbd2 cxd4 8.
Nxd4 d6 9. N2f3 Bd7 10. c3 a6 11. h3 Qc7 12. e4 e5 13. fxe5 dxe5 14. Nc2 Rad8
15. Ne3 Ne7 16. Qc2 Nh5 17. c4 Nf4 18. Nd5 Nexd5 19. exd5 Nxd3 20. Qxd3 b5 21.
Be3 bxc4 22. Rfc1 Rc8 23. d6 Qb7 24. Rxc4 Bb5 25. Qe4 Bc6 26. Qh4 Bxf3 27. Rxc8
Rxc8 28. gxf3 Qxf3 29. Bf2 Qd5 30. Qe7 Bf8 31. d7 Ra8 32. Qe8 Qc6 33. Qxe5 Qxd7
34. Bd4 f6 35. Qxf6 Bg7 36. Qxg7+ Qxg7 37. Bxg7 Kxg7 1/2-1/2

[Event "Benidorm 2010 - Sub-2300"]
[Site "Benidorm ESP"]
[Date "2010.12.07"]
[Round "6.9"]
[White "Ballesteros Gonzalez, David"]
[Black "Diogo, Vasco"]
[Result "0-1"]
[WhiteElo "2211"]
[BlackElo "2285"]
[PlyCount "112"]
[EventDate "2010.12.03"]
[EventType "tourn"]
[EventRounds "10"]
[EventCountry "ESP"]
[Source "lmi"]
[SourceDate "2010.12.03"]

1. d4 Nf6 2. c4 g6 3. Nc3 Bg7 4. e4 d6 5. Nf3 O-O 6. Be2 e5 7. O-O Nc6 8. d5
Ne7 9. Ne1 Ne8 10. Be3 f5 11. f3 f4 12. Bf2 g5 13. a4 h5 14. a5 Kh8 15. c5 Ng8
16. Rc1 Nh6 17. cxd6 cxd6 18. b4 g4 19. Kh1 Rg8 20. Nd3 Bf8 21. Re1 g3 22. Bg1
Qg5 23. Bf1 h4 24. Re2 h3 25. Ne1 Nf6 26. Nb5 Bd7 27. Nc7 Rc8 28. Ne6 Bxe6 29.
dxe6 Rxc1 30. Qxc1 d5 31. hxg3 Nh5 32. Bh2 Nxg3+ 33. Bxg3 Qxg3 34. Qc7 Bxb4 35.
Qxe5+ Kh7 36. Nd3 Bxa5 37. Qxf4 hxg2+ 38. Bxg2 Qg6 39. Nc5 Bb6 40. Nd7 Rh8 41.
Qe5 Ng4 42. fxg4 Kg8+ 43. Bh3 Rxh3+ 44. Rh2 Rxh2+ 45. Kxh2 Qh6+ 46. Kg2 Qd2+
47. Kh3 Qe3+ 48. Qg3 Qh6+ 49. Qh4 Qxh4+ 50. Kxh4 Bd8+ 51. Kg3 a5 52. Nc5 b6 53.
Nd3 a4 54. e5 a3 55. Ne1 Bg5 56. Nc2 a2 0-1

[Event "Benidorm 2010 - Sub-2300"]
[Site "Benidorm ESP"]
[Date "2010.12.07"]
[Round "6.10"]
[White "Villuendas Valero, Adrian"]
[Black "Sanchez Barbado, Carlos"]
[Result "1/2-1/2"]
[WhiteElo "2269"]
[BlackElo "2207"]
[PlyCount "45"]
[EventDate "2010.12.03"]
[EventType "tourn"]
[EventRounds "10"]
[EventCountry "ESP"]
[Source "lmi"]
[SourceDate "2010.12.03"]

1. d4 f5 2. Bg5 g6 3. Nc3 d5 4. h4 Nh6 5. e3 Nf7 6. Bf4 c6 7. Nf3 Bg7 8. h5 Nd7
9. Qd2 e6 10. hxg6 hxg6 11. Rxh8+ Bxh8 12. O-O-O a5 13. Bd3 e5 14. dxe5 Ndxe5
15. Nxe5 Nxe5 16. Rh1 Qf6 17. Bg5 Qg7 18. Be2 Nf7 19. Bf4 Be6 20. Nd1 b5 21.
Qc3 Qxc3 22. Nxc3 Ke7 23. Rh7 1/2-1/2

[Event "Benidorm 2010 - Sub-2300"]
[Site "Benidorm ESP"]
[Date "2010.12.07"]
[Round "6.11"]
[White "Nava Pereda, Carlos"]
[Black "Pribeanu, Mihail-Dacian"]
[Result "1-0"]
[WhiteElo "2258"]
[BlackElo "2210"]
[PlyCount "55"]
[EventDate "2010.12.03"]
[EventType "tourn"]
[EventRounds "10"]
[EventCountry "ESP"]
[Source "lmi"]
[SourceDate "2010.12.03"]

1. Nf3 Nf6 2. c4 g6 3. Nc3 Bg7 4. d4 d6 5. e4 O-O 6. Be2 Nbd7 7. O-O e5 8. Be3
Ng4 9. Bg5 f6 10. Bh4 h5 11. dxe5 dxe5 12. Nd2 Nc5 13. h3 Nh6 14. Nb3 Ne6 15.
c5 Qe7 16. Nd5 Qf7 17. Bc4 c6 18. Ne3 Kh8 19. f3 Qe7 20. Qd6 Qe8 21. Qd2 Nf4
22. Rfd1 g5 23. Bg3 f5 24. exf5 Bxf5 25. Bf1 Be6 26. Qb4 Qf7 27. Na5 g4 28.
hxg4 1-0

[Event "Benidorm 2010 - Sub-2300"]
[Site "Benidorm ESP"]
[Date "2010.12.07"]
[Round "6.12"]
[White "Cantero, Antonio"]
[Black "Carbonell Bofill, Carlos Eloy"]
[Result "0-1"]
[WhiteElo "2211"]
[BlackElo "2256"]
[PlyCount "58"]
[EventDate "2010.12.03"]
[EventType "tourn"]
[EventRounds "10"]
[EventCountry "ESP"]
[Source "lmi"]
[SourceDate "2010.12.03"]

1. e4 e6 2. d4 d5 3. Nd2 Nf6 4. c3 c5 5. Bd3 Nc6 6. Ngf3 a5 7. O-O cxd4 8. cxd4
Qb6 9. Re1 a4 10. Nb1 Nxd4 11. Nxd4 Qxd4 12. Nc3 a3 13. Nb5 axb2 14. Bg5 Qb6
15. Rb1 Rxa2 16. Qe2 Nxe4 17. Be3 Qc6 18. Nd4 Qc7 19. Nb5 Qc6 20. Nd4 Qc7 21.
f4 Bd7 22. g4 Nc5 23. f5 Nxd3 24. Qxd3 Bc5 25. fxe6 fxe6 26. Nb3 Bxe3+ 27. Qxe3
Qc4 28. Nd4 O-O 29. Kg2 Ra4 0-1

[Event "Benidorm 2010 - Sub-2300"]
[Site "Benidorm ESP"]
[Date "2010.12.07"]
[Round "6.13"]
[White "Mirete Bernabe, Marco Antonio"]
[Black "Diaz Nunez, Adolfo"]
[Result "1/2-1/2"]
[WhiteElo "2202"]
[BlackElo "2248"]
[PlyCount "38"]
[EventDate "2010.12.03"]
[EventType "tourn"]
[EventRounds "10"]
[EventCountry "ESP"]
[Source "lmi"]
[SourceDate "2010.12.03"]

1. Nf3 d5 2. g3 Nf6 3. Bg2 c6 4. b3 Bg4 5. Bb2 e6 6. d3 Be7 7. Nbd2 O-O 8. h3
Bh5 9. O-O c5 10. c4 Nc6 11. cxd5 Nxd5 12. Rc1 Rc8 13. Qc2 b6 14. Rfd1 Nd4 15.
Bxd4 cxd4 16. Qxc8 Qxc8 17. Rxc8 Rxc8 18. g4 Nc3 19. Re1 Bg6 1/2-1/2

[Event "Benidorm 2010 - Sub-2300"]
[Site "Benidorm ESP"]
[Date "2010.12.07"]
[Round "6.14"]
[White "Cruz Lledo, Pablo"]
[Black "Prieto Aranguren, Alain"]
[Result "1-0"]
[WhiteElo "2010"]
[BlackElo "2179"]
[PlyCount "115"]
[EventDate "2010.12.03"]
[EventType "tourn"]
[EventRounds "10"]
[EventCountry "ESP"]
[Source "lmi"]
[SourceDate "2010.12.03"]

1. d4 Nf6 2. c4 g6 3. Nc3 Bg7 4. e4 d6 5. f3 O-O 6. Nge2 c5 7. d5 e6 8. Be3
exd5 9. cxd5 a6 10. a4 Nbd7 11. Qd2 Ne5 12. Ng3 h5 13. Be2 Re8 14. O-O Nh7 15.
Rae1 Qc7 16. h3 h4 17. Nh1 f5 18. Nf2 Bf6 19. Rc1 Bd7 20. b4 c4 21. b5 Qa5 22.
f4 Nf7 23. exf5 gxf5 24. Bxc4 Rac8 25. Nce4 Qxa4 26. Nxf6+ Nxf6 27. Bd4 Ne4 28.
Nxe4 Rxe4 29. bxa6 bxa6 30. Ba1 Rcxc4 31. Rxc4 Qxc4 32. Qb2 Qc5+ 33. Kh1 Ne5
34. fxe5 Rxe5 35. Qd2 Qe3 36. Qb4 Qe2 37. Rg1 Rxd5 38. Qxh4 Qe6 39. Re1 Re5 40.
Bxe5 dxe5 41. Qg3+ Kf7 42. Rxe5 Qf6 43. Qc3 Bc6 44. Rc5 Qxc3 45. Rxc3 Bb5 46.
Rc5 Ke6 47. h4 Be2 48. g3 Kf6 49. Kg2 Kg6 50. Kf2 Bd3 51. Ke3 Be4 52. Ra5 Bb7
53. Kf4 Bc8 54. Rd5 Kf6 55. Rd6+ Ke7 56. Ke5 a5 57. Rd5 a4 58. Ra5 1-0

[Event "Benidorm 2010 - Sub-2300"]
[Site "Benidorm ESP"]
[Date "2010.12.07"]
[Round "6.15"]
[White "Inants, Aghasi"]
[Black "Turcu, Iulian"]
[Result "0-1"]
[WhiteElo "2246"]
[BlackElo "2177"]
[PlyCount "44"]
[EventDate "2010.12.03"]
[EventType "tourn"]
[EventRounds "10"]
[EventCountry "ESP"]
[Source "lmi"]
[SourceDate "2010.12.03"]

1. e4 Nf6 2. e5 Nd5 3. d4 d6 4. c4 Nb6 5. exd6 exd6 6. Nc3 Be7 7. Bd3 O-O 8.
Nge2 Bg4 9. O-O Bxe2 10. Qxe2 Nc6 11. Nd5 Nxd5 12. cxd5 Nb4 13. Be4 Bf6 14. a3
Na6 15. Qd3 g6 16. f4 Qd7 17. f5 Qa4 18. Bf4 Rae8 19. b3 Nc5 20. Qc4 Rxe4 21.
bxa4 Bxd4+ 22. Kh1 Bxa1 0-1

[Event "Benidorm 2010 - Sub-2300"]
[Site "Benidorm ESP"]
[Date "2010.12.07"]
[Round "6.21"]
[White "Torres Ventosa, Pedro Eugenio"]
[Black "Montalban, Galvez Antoni"]
[Result "0-1"]
[WhiteElo "2277"]
[BlackElo "2163"]
[PlyCount "50"]
[EventDate "2010.12.03"]
[EventType "tourn"]
[EventRounds "10"]
[EventCountry "ESP"]
[Source "lmi"]
[SourceDate "2010.12.03"]

1. e4 c6 2. c4 d5 3. exd5 cxd5 4. cxd5 Nf6 5. Nc3 Nxd5 6. d4 Nc6 7. Nf3 Bg4 8.
Bc4 e6 9. O-O Be7 10. Be3 O-O 11. Bxd5 exd5 12. Qb3 Bxf3 13. gxf3 Bf6 14. Rad1
Ne7 15. Qxb7 Rb8 16. Qxa7 Rxb2 17. Bc1 Rc2 18. Rd3 Qc8 19. Qa5 Qc4 20. Re3 Nf5
21. Nxd5 Rxc1 22. Nxf6+ gxf6 23. Rxc1 Qxc1+ 24. Re1 Qg5+ 25. Kh1 Ng3+ 0-1

[Event "Benidorm 2010 - Sub-2300"]
[Site "Benidorm ESP"]
[Date "2010.12.07"]
[Round "6.24"]
[White "Acebal Muniz, Antonio"]
[Black "Jimenez, Villena Fco Jose"]
[Result "1/2-1/2"]
[WhiteElo "2166"]
[BlackElo "2236"]
[PlyCount "21"]
[EventDate "2010.12.03"]
[EventType "tourn"]
[EventRounds "10"]
[EventCountry "ESP"]
[Source "lmi"]
[SourceDate "2010.12.03"]

1. Nf3 d5 2. d4 Nf6 3. c4 c6 4. Nc3 a6 5. cxd5 cxd5 6. Bg5 Ne4 7. Bf4 Nc6 8. e3
e6 9. Bd3 f5 10. Ne5 Bd6 11. O-O 1/2-1/2

[Event "Benidorm 2010 - Sub-2300"]
[Site "Benidorm ESP"]
[Date "2010.12.07"]
[Round "6.35"]
[White "De Lucas Bello, Federico"]
[Black "Finol Berrueta, David Emmanuel"]
[Result "0-1"]
[WhiteElo "2102"]
[BlackElo "2175"]
[PlyCount "42"]
[EventDate "2010.12.03"]
[EventType "tourn"]
[EventRounds "10"]
[EventCountry "ESP"]
[Source "lmi"]
[SourceDate "2010.12.03"]

1. e4 c5 2. Nf3 d6 3. d4 cxd4 4. Nxd4 Nf6 5. Nc3 a6 6. Bg5 Nbd7 7. f4 Qc7 8.
Qf3 h6 9. Bxf6 Nxf6 10. h3 g6 11. f5 g5 12. O-O-O Bg7 13. g4 Bd7 14. Kb1 O-O-O
15. Rd3 Kb8 16. Bg2 Qb6 17. Rhd1 Rc8 18. Nb3 Bc6 19. Nd4 Nd7 20. Nd5 Bxd5 21.
exd5 Ne5 0-1

[Event "Benidorm 2010 - Sub-2300"]
[Site "Benidorm ESP"]
[Date "2010.12.07"]
[Round "6.44"]
[White "Jordan Martinez, Miguel"]
[Black "Garcia Ramos, Marcos"]
[Result "1-0"]
[WhiteElo "2169"]
[BlackElo "2027"]
[PlyCount "103"]
[EventDate "2010.12.03"]
[EventType "tourn"]
[EventRounds "10"]
[EventCountry "ESP"]
[Source "lmi"]
[SourceDate "2010.12.03"]

1. e4 c5 2. Nf3 d6 3. c3 Nf6 4. Bd3 Nbd7 5. Bc2 b6 6. O-O Bb7 7. Re1 e6 8. d4
cxd4 9. cxd4 Rc8 10. Nc3 a6 11. Bf4 Be7 12. Rc1 O-O 13. Qd3 g6 14. Bb3 e5 15.
dxe5 Nc5 16. Qe3 dxe5 17. Nxe5 Nxb3 18. axb3 Bc5 19. Qf3 Qe7 20. Bg5 Qxe5 21.
Bxf6 Qe6 22. Nd5 Rfe8 23. Bc3 Bxd5 24. exd5 Qd6 25. Re4 Rxe4 26. Qxe4 Qe7 27.
Qd3 Re8 28. Kf1 Qh4 29. Qg3 Qxg3 30. hxg3 f5 31. Re1 Rxe1+ 32. Kxe1 a5 33. f3
Kf7 34. Ke2 Ke7 35. Kd3 Kd6 36. Kc4 Bf2 37. g4 fxg4 38. fxg4 h5 39. gxh5 gxh5
40. b4 b5+ 41. Kxb5 axb4 42. Bxb4+ Kxd5 43. Be7 Ke6 44. Bc5 Be1 45. Kc4 Kf5 46.
b4 Kg4 47. b5 Bg3 48. b6 h4 49. Kd5 Bf4 50. b7 Bb8 51. Bd6 Ba7 52. Kc6 1-0

[Event "Benidorm 2010 - Sub-2300"]
[Site "Benidorm ESP"]
[Date "2010.12.07"]
[Round "6.49"]
[White "Tejero Royo, Fermin"]
[Black "Isherwood, Paul"]
[Result "1/2-1/2"]
[WhiteElo "2131"]
[BlackElo "2006"]
[PlyCount "63"]
[EventDate "2010.12.03"]
[EventType "tourn"]
[EventRounds "10"]
[EventCountry "ESP"]
[Source "lmi"]
[SourceDate "2010.12.03"]

1. e4 d6 2. d4 Nf6 3. Bd3 Nbd7 4. Ne2 e5 5. c3 c6 6. O-O g6 7. f4 Bg7 8. Kh1
O-O 9. Be3 exd4 10. cxd4 Nxe4 11. Bxe4 Qe7 12. Nbc3 d5 13. Bxd5 Qxe3 14. Bb3
Nf6 15. Rf3 Qe7 16. Qd2 Re8 17. Ng3 Bg4 18. Rd3 Rad8 19. f5 Nd5 20. Rf1 Qh4 21.
Nxd5 cxd5 22. Qf4 Bh6 23. Qc7 Qe7 24. Qxe7 Rxe7 25. h3 Be2 26. Nxe2 Rxe2 27.
fxg6 hxg6 28. Rc3 Rd7 29. Rc5 Rd2 30. Rxd5 Re7 31. Re5 Rd7 32. Rd5 1/2-1/2

[Event "Benidorm 2010 - Sub-2300"]
[Site "Benidorm ESP"]
[Date "2010.12.08"]
[Round "7.1"]
[White "Griezne, Edvins"]
[Black "Renteria, Jorge"]
[Result "1/2-1/2"]
[WhiteElo "2012"]
[BlackElo "2262"]
[PlyCount "21"]
[EventDate "2010.12.03"]
[EventType "tourn"]
[EventRounds "10"]
[EventCountry "ESP"]
[Source "lmi"]
[SourceDate "2010.12.03"]

1. d4 Nf6 2. Nf3 g6 3. c4 c5 4. Nc3 cxd4 5. Nxd4 Bg7 6. g3 Nc6 7. Bg2 O-O 8.
O-O Nxd4 9. Qxd4 d6 10. Rd1 Qa5 11. Qh4 1/2-1/2

[Event "Benidorm 2010 - Sub-2300"]
[Site "Benidorm ESP"]
[Date "2010.12.08"]
[Round "7.3"]
[White "Diogo, Vasco"]
[Black "Arata Roberto, Mario"]
[Result "1/2-1/2"]
[WhiteElo "2285"]
[BlackElo "2237"]
[PlyCount "129"]
[EventDate "2010.12.03"]
[EventType "tourn"]
[EventRounds "10"]
[EventCountry "ESP"]
[Source "lmi"]
[SourceDate "2010.12.03"]

1. Nf3 d5 2. g3 c5 3. Bg2 Nc6 4. O-O e5 5. d3 Bd6 6. c4 d4 7. e3 Nge7 8. exd4
exd4 9. Nbd2 Bc7 10. Ne4 b6 11. Re1 h6 12. Nh4 Rb8 13. a3 O-O 14. f4 f5 15. Nf2
Qd6 16. b4 Bb7 17. b5 Na5 18. Nf3 Ng6 19. Bd2 Rbe8 20. Bxa5 bxa5 21. Qd2 Qf6
22. Rxe8 Rxe8 23. Re1 Re7 24. Re2 Kf8 25. Rxe7 Qxe7 26. Nh4 Nxh4 27. Bxb7 Qe3
28. Qxe3 dxe3 29. Nh3 Ng6 30. Kf1 Bd8 31. a4 Bf6 32. Ke2 Ke8 33. Ng1 Nf8 34.
Bc8 g6 35. Nf3 Kd8 36. Bb7 Nd7 37. Kxe3 Nb6 38. Ne5 Bxe5 39. fxe5 Nxa4 40. d4
Nb2 41. dxc5 a4 42. Kd2 a3 43. Kc2 Nxc4 44. Kb1 Nxe5 45. Ka2 Nd7 46. Kxa3 Nxc5
47. Bc6 Kc7 48. Kb4 Kb6 49. Be8 g5 50. Kc4 Nb7 51. Bd7 Nd6+ 52. Kd5 Kc7 53. Be6
Nc8 54. Ke5 Ne7 55. h4 f4 56. gxf4 Ng6+ 57. Kf6 Nxf4 58. hxg5 hxg5 59. Bf5 Kb6
60. Kxg5 Nd5 61. Bd3 Nc7 62. Kf4 Nxb5 63. Bxb5 Kxb5 64. Ke3 Kb4 65. Kd2 1/2-1/2

[Event "Benidorm 2010 - Sub-2300"]
[Site "Benidorm ESP"]
[Date "2010.12.08"]
[Round "7.4"]
[White "Serra Pages, Jordi"]
[Black "Madina Yadarola, Martin"]
[Result "1/2-1/2"]
[WhiteElo "2231"]
[BlackElo "2289"]
[PlyCount "44"]
[EventDate "2010.12.03"]
[EventType "tourn"]
[EventRounds "10"]
[EventCountry "ESP"]
[Source "lmi"]
[SourceDate "2010.12.03"]

1. d4 Nf6 2. c4 g6 3. Nc3 d5 4. Bf4 Bg7 5. e3 O-O 6. Rc1 c6 7. Nf3 e6 8. Bd3
Nbd7 9. O-O Nh5 10. Bg5 f6 11. Bh4 Bh6 12. Ne5 Qe8 13. Ng4 Bg7 14. f4 f5 15.
Ne5 Nhf6 16. h3 Ne4 17. Nxe4 fxe4 18. Be2 Nxe5 19. fxe5 Bh6 20. Rc3 Bd7 21. Bf6
Bg7 22. Bh4 h6 1/2-1/2

[Event "Benidorm 2010 - Sub-2300"]
[Site "Benidorm ESP"]
[Date "2010.12.08"]
[Round "7.5"]
[White "Perez Gonzalez, Jose Manuel"]
[Black "Ortega Serra, Marc"]
[Result "1/2-1/2"]
[WhiteElo "2281"]
[BlackElo "2213"]
[PlyCount "30"]
[EventDate "2010.12.03"]
[EventType "tourn"]
[EventRounds "10"]
[EventCountry "ESP"]
[Source "lmi"]
[SourceDate "2010.12.03"]

1. e4 e6 2. d4 d5 3. Nd2 Nf6 4. e5 Nfd7 5. Bd3 c5 6. c3 Nc6 7. Ne2 cxd4 8. cxd4
f6 9. exf6 Nxf6 10. O-O Bd6 11. Nf3 O-O 12. Bg5 Qc7 13. Bh4 Bd7 14. Bg3 Rac8
15. Rc1 Qb8 1/2-1/2

[Event "Benidorm 2010 - Sub-2300"]
[Site "Benidorm ESP"]
[Date "2010.12.08"]
[Round "7.6"]
[White "Alcaraz Ortega, Javier"]
[Black "Ladron De Guevara Pinto, Paolo"]
[Result "0-1"]
[WhiteElo "2274"]
[BlackElo "2232"]
[PlyCount "124"]
[EventDate "2010.12.03"]
[EventType "tourn"]
[EventRounds "10"]
[EventCountry "ESP"]
[Source "lmi"]
[SourceDate "2010.12.03"]

1. Nf3 Nf6 2. c4 e6 3. Nc3 d5 4. d4 Be7 5. Bg5 O-O 6. e3 b6 7. Be2 Bb7 8. cxd5
Nxd5 9. Bxe7 Nxe7 10. O-O Nd7 11. b4 Ng6 12. Rc1 Qe7 13. Qb3 a6 14. Rfd1 Nf6
15. a4 Rfd8 16. a5 Rab8 17. axb6 cxb6 18. Ra1 b5 19. Ne1 e5 20. dxe5 Nxe5 21.
Nd3 Nxd3 22. Bxd3 Qe5 23. Ne2 Ng4 24. Ng3 g6 25. Rac1 Qf6 26. Qa2 Qh4 27. Nf1
Ne5 28. Be2 Rxd1 29. Rxd1 Qxb4 30. Rd4 Qe7 31. Qd2 Qe8 32. Ng3 Qc6 33. Bf1 f5
34. e4 fxe4 35. Nxe4 Rf8 36. Ng3 Qf6 37. Rd6 Qf4 38. Qc2 Rf7 39. Rd8+ Kg7 40.
h3 Qf6 41. Qd2 h5 42. Rd6 Qf4 43. Qxf4 Rxf4 44. Rb6 Rf7 45. Re6 Nd7 46. Bd3 Nf6
47. Rb6 Rd7 48. Kf1 Bxg2+ 49. Kxg2 Rxd3 50. Rxa6 Nd5 51. Ra7+ Kh6 52. Rb7 Nf4+
53. Kh2 h4 54. Ne4 Rxh3+ 55. Kg1 Rb3 56. Nd6 b4 57. Rb5 Rb1+ 58. Kh2 Rb2 59.
Ne4 b3 60. Rb7 Re2 61. Nf6 Rxf2+ 62. Kg1 Nh3+ 0-1

[Event "Benidorm 2010 - Sub-2300"]
[Site "Benidorm ESP"]
[Date "2010.12.08"]
[Round "7.8"]
[White "Carbonell Bofill, Carlos Eloy"]
[Black "Exposito Amaro, Josue"]
[Result "1-0"]
[WhiteElo "2256"]
[BlackElo "2226"]
[PlyCount "71"]
[EventDate "2010.12.03"]
[EventType "tourn"]
[EventRounds "10"]
[EventCountry "ESP"]
[Source "lmi"]
[SourceDate "2010.12.03"]

1. Nf3 d5 2. d4 g6 3. Bf4 Bg7 4. c3 Nf6 5. Qc1 h6 6. h3 g5 7. Bh2 Bf5 8. h4 g4
9. Ne5 Nbd7 10. f3 e6 11. fxg4 Nxg4 12. Nxg4 Bxg4 13. Qf4 Qxh4+ 14. Bg3 Qxh1
15. Qxg4 Rg8 16. Bxc7 Rc8 17. Bd6 Nf6 18. Qf4 Ne4 19. Nd2 Nxd6 20. Qxd6 Qh4+
21. g3 Qg4 22. e4 a6 23. exd5 Bf8 24. Qf4 Qxf4 25. gxf4 exd5 26. Kf2 Rc6 27.
Bg2 Rf6 28. Bxd5 Rxf4+ 29. Ke3 Rf6 30. Ne4 Rb6 31. Rf1 Rg7 32. b4 Be7 33. a4 h5
34. a5 Rh6 35. Bxb7 f5 36. Rxf5 1-0

[Event "Benidorm 2010 - Sub-2300"]
[Site "Benidorm ESP"]
[Date "2010.12.08"]
[Round "7.9"]
[White "Navarro Lopez-Menchero, Daniel"]
[Black "Cruz Lledo, Pablo"]
[Result "0-1"]
[WhiteElo "2112"]
[BlackElo "2010"]
[PlyCount "62"]
[EventDate "2010.12.03"]
[EventType "tourn"]
[EventRounds "10"]
[EventCountry "ESP"]
[Source "lmi"]
[SourceDate "2010.12.03"]

1. e4 c5 2. Nf3 d6 3. d4 cxd4 4. Nxd4 Nf6 5. Nc3 a6 6. Bc4 e6 7. Bb3 b5 8. O-O
Be7 9. Qf3 Qc7 10. Qg3 O-O 11. Bh6 Ne8 12. Bg5 Bxg5 13. Qxg5 Qc5 14. Qe3 Nf6
15. Rad1 Bb7 16. a3 Nc6 17. Nxc6 Bxc6 18. Qf4 Rfd8 19. Rfe1 a5 20. a4 b4 21.
Nb1 e5 22. Qf3 Rac8 23. h3 h6 24. Nd2 d5 25. Qf5 dxe4 26. Nc4 Bxa4 27. Nd6 Bxb3
28. Nxc8 Bd5 29. c4 bxc3 30. Rc1 Qxc8 31. Qxe5 c2 0-1

[Event "Benidorm 2010 - Sub-2300"]
[Site "Benidorm ESP"]
[Date "2010.12.08"]
[Round "7.10"]
[White "Martinez Rodriguez, Pablo"]
[Black "Diaz Herrero, Alvaro"]
[Result "1-0"]
[WhiteElo "2286"]
[BlackElo "2133"]
[PlyCount "71"]
[EventDate "2010.12.03"]
[EventType "tourn"]
[EventRounds "10"]
[EventCountry "ESP"]
[Source "lmi"]
[SourceDate "2010.12.03"]

1. Nf3 c5 2. b3 b6 3. Bb2 Bb7 4. e3 Nf6 5. d4 e6 6. Nbd2 Be7 7. Bd3 cxd4 8.
exd4 O-O 9. O-O Nc6 10. a3 Rc8 11. Re1 Rc7 12. Rc1 Re8 13. c4 d6 14. Nf1 Nb8
15. Ng3 d5 16. Ne5 dxc4 17. bxc4 Nc6 18. Nh5 g6 19. Nxc6 Bxc6 20. Nf4 Bb7 21.
Bb1 Qd6 22. Nd3 Rec8 23. Ba2 Ba6 24. d5 Bxc4 25. Be5 Qxd5 26. Bxc7 Bxa2 27. Nb4
Bxb4 28. axb4 Qxd1 29. Rexd1 Nd5 30. Be5 Bc4 31. b5 f6 32. Bb2 a6 33. bxa6 Bxa6
34. Rxc8+ Bxc8 35. Bxf6 Kf7 36. Be5 1-0

[Event "Benidorm 2010 - Sub-2300"]
[Site "Benidorm ESP"]
[Date "2010.12.08"]
[Round "7.11"]
[White "Moreno Gracia, Daniel"]
[Black "Khojayan, Vardan"]
[Result "1-0"]
[WhiteElo "2283"]
[BlackElo "2215"]
[PlyCount "73"]
[EventDate "2010.12.03"]
[EventType "tourn"]
[EventRounds "10"]
[EventCountry "ESP"]
[Source "lmi"]
[SourceDate "2010.12.03"]

1. c4 g6 2. Nc3 Bg7 3. d4 d6 4. e4 Nd7 5. Nf3 e5 6. Be2 Ne7 7. O-O O-O 8. Be3
h6 9. Qc2 Nc6 10. Rad1 exd4 11. Nxd4 Nde5 12. c5 Nxd4 13. Bxd4 f5 14. f4 Nf7
15. Bxg7 Kxg7 16. Bc4 b5 17. Nxb5 fxe4 18. Qxe4 Rb8 19. Qd4+ Kh7 20. cxd6 cxd6
21. Qxa7 Rb7 22. Qd4 Rb6 23. Nc3 Bb7 24. b3 h5 25. Bd5 Ba6 26. Rfe1 Nh6 27. Na4
Rb8 28. Qa7+ Bb7 29. Bxb7 Rf7 30. Nc5 Qc7 31. Ne6 Rxb7 32. Qa6 Qc2 33. Nd8 Kg7
34. Nxf7 Ng4 35. h3 Qf2+ 36. Kh1 Rxf7 37. Qe2 1-0

[Event "Benidorm 2010 - Sub-2300"]
[Site "Benidorm ESP"]
[Date "2010.12.08"]
[Round "7.12"]
[White "Orndahl, Markus"]
[Black "Villuendas Valero, Adrian"]
[Result "1-0"]
[WhiteElo "2213"]
[BlackElo "2269"]
[PlyCount "61"]
[EventDate "2010.12.03"]
[EventType "tourn"]
[EventRounds "10"]
[EventCountry "ESP"]
[Source "lmi"]
[SourceDate "2010.12.03"]

1. e4 e6 2. d4 d5 3. Nc3 Nf6 4. e5 Nfd7 5. f4 c5 6. Nf3 Nc6 7. Be3 Qb6 8. Na4
Qa5+ 9. c3 cxd4 10. b4 Nxb4 11. cxb4 Bxb4+ 12. Bd2 Bxd2+ 13. Nxd2 O-O 14. Bd3
b5 15. Nb2 Nb6 16. O-O Nc4 17. Nbxc4 bxc4 18. Bxh7+ Kxh7 19. Qh5+ Kg8 20. Nf3
f6 21. exf6 Rxf6 22. Ng5 Qd8 23. Qh7+ Kf8 24. Qh8+ Ke7 25. Qxg7+ Ke8 26. f5 Qe7
27. Qh8+ Qf8 28. Qh5+ Kd8 29. fxe6 Ke7 30. Qh7+ Kd6 31. e7 1-0

[Event "Benidorm 2010 - Sub-2300"]
[Site "Benidorm ESP"]
[Date "2010.12.08"]
[Round "7.13"]
[White "Diaz Nunez, Adolfo"]
[Black "Suarez Roa, Jose Francisco"]
[Result "0-1"]
[WhiteElo "2248"]
[BlackElo "2209"]
[PlyCount "64"]
[EventDate "2010.12.03"]
[EventType "tourn"]
[EventRounds "10"]
[EventCountry "ESP"]
[Source "lmi"]
[SourceDate "2010.12.03"]

1. Nf3 c5 2. c4 g6 3. d4 Nf6 4. Nc3 Bg7 5. e4 cxd4 6. Nxd4 d6 7. Be2 b6 8. Be3
Bb7 9. f3 Nbd7 10. Rc1 a6 11. O-O O-O 12. Qd2 Re8 13. Rfd1 Rc8 14. b4 e6 15.
Nb3 d5 16. exd5 exd5 17. c5 Qe7 18. Bd4 Qf8 19. g4 Ne5 20. Qf4 Nfd7 21. Kf2 Re6
22. Qd2 Rce8 23. Bf1 h5 24. h3 hxg4 25. hxg4 g5 26. Qxg5 Rg6 27. Qf5 Rf6 28.
Qh5 Nxf3 29. Bd3 Rh6 30. Qg5 Nxd4 31. Nxd4 Ne5 32. Rh1 Bc8 0-1

[Event "Benidorm 2010 - Sub-2300"]
[Site "Benidorm ESP"]
[Date "2010.12.08"]
[Round "7.14"]
[White "Sanchez Barbado, Carlos"]
[Black "Barzanu, Iulian"]
[Result "1-0"]
[WhiteElo "2207"]
[BlackElo "2242"]
[PlyCount "83"]
[EventDate "2010.12.03"]
[EventType "tourn"]
[EventRounds "10"]
[EventCountry "ESP"]
[Source "lmi"]
[SourceDate "2010.12.03"]

1. e4 c5 2. Nc3 Nc6 3. g3 g6 4. Bg2 Bg7 5. d3 e6 6. f4 d6 7. Nf3 Nge7 8. O-O
O-O 9. Be3 Nd4 10. Bf2 Nec6 11. Rb1 Nxf3+ 12. Bxf3 Nd4 13. Bg2 Rb8 14. Ne2 Qa5
15. a3 b5 16. c3 Nxe2+ 17. Qxe2 Qc7 18. d4 c4 19. h4 a5 20. h5 b4 21. g4 bxa3
22. bxa3 Rb3 23. Rbe1 f5 24. g5 Rf7 25. exf5 Rxf5 26. Be3 Bb7 27. Bh3 Qc6 28.
Kh2 Rxa3 29. Bd2 Qd5 30. Rg1 Ra2 31. Bg2 Qb5 32. Rb1 Rb2 33. Qxe6+ Kh8 34. Rxb2
Qxb2 35. hxg6 Qxd2 36. Qxf5 hxg6 37. Qh3+ Kg8 38. Qe6+ Kh8 39. Kg3 Qxc3+ 40.
Kg4 Bxg2 41. Rxg2 Bxd4 42. Qf7 1-0